000 00293nam a22001337a 4500
008 170130b xxu||||| |||| 00| 0 eng d
020 _a018085
041 _aeng
080 _a61
100 _a3
101 _ashm
245 _aBOTTOM LINE'S HEALTH BREAKTHROUGH
_cBOTTOM LINE
942 _2udc
_cBK
999 _c3938
_d3938